| 000 | 00512cam a2200193 4500 | ||
|---|---|---|---|
| 001 | ltf91021321 | ||
| 003 | DLC | ||
| 005 | 20260227111552.0 | ||
| 008 | 910213s1924 ec 000 0 spa | ||
| 010 | _altf91021321 | ||
| 040 |
_aDLC _cDLC _dDLC |
||
| 050 | 0 | 0 |
_aF3723 _b.H66 1924 |
| 100 | 1 | _aHonorato Peralta, Juan. | |
| 245 | 1 | 3 | _aLa propiedad. |
| 260 |
_aGuyaquil, _bLibrerÃa y Impr. La Reforma, _c1924. |
||
| 300 |
_a168 p. ; _c19 cm. |
||
| 650 | 0 |
_aProperty _xHistory. |
|
| 650 | 0 | _aProperty and socialism. | |
| 999 |
_c37484 _d37484 |
||